• 首页
  • 本馆介绍
  • 公告通知
  • 最新文献
  • 馆藏检索
  • 电子资源
  • 读者导购
  • 参考咨询
  • 我的图书馆
  • 登录
  • 详细信息显示
  • 放入我的书架
  • 预约/预借图书
  • 作者相关作品
  • 分类相关作品
  • 丛书相关作品
  • 出版社相关作品

书目信息

  • 表格格式
  • 工作单格式
  • 卡片格式
题名:
信息分析与决策
    
 
作者: 秦铁辉 , 段晓青 编著
分册:  
出版信息: 北京   北京大学出版社  2001.7
页数: 314页
开本: 20cm
丛书名:
单 册:
中图分类: C934
科图分类:
主题词: 决策学
电子资源:
ISBN: 7-301-04980-3
000 00572nam0 2200205 45
001 0201090868
005 20031219104052.5
010    @a7-301-04980-3@dCNY15.00
100    @a20020109d2001 km y0chiy0120 ea
101 0  @achi
105    @a z 000yy
200 1  @a信息分析与决策@AXin Xi Fen Xi Yu Jue Ce@f秦铁辉等编著@FQin Tie Hui Deng Bian Zhu
210    @a北京@c北京大学出版社@d2001.7
215    @a314页@d20cm
606 0  @a决策学
690    @aC934@v4
701  0 @a秦铁辉@4编著
701  0 @a段晓青@4编著
801    @aCN@bTSTC@c20020109
905    @b303571-579@dC934@e110@f9
    
    信息分析与决策/秦铁辉等编著.-北京:北京大学出版社,2001.7
    314页;20cm
    
    
    ISBN 7-301-04980-3:CNY15.00
    
●
相关链接 在E读中查询图书 在五车中查询图书 在当当中查询图书 在豆瓣中查询图书


正题名:信息分析与决策     索取号:C934/110         预约/预借

序号 登录号 条形码 馆藏地/架位号 状态 备注
1 0303571   203035713   教育系资料室/ [索取号:C934/110] 在馆    
2 0303572   203035722   教育系资料室/ [索取号:C934/110] 在馆    
3 0303573   203035731   教育系资料室/ [索取号:C934/110] 在馆    
4 0303574   203035740   教育系资料室/ [索取号:C934/110] 在馆    
5 0303575   203035759   第一借阅区/ [索取号:C934/110] 在馆    
6 0303576   203035768   第一借阅区/ [索取号:C934/110] 在馆    
7 0303577   203035777   教育系资料室/ [索取号:C934/110] 在馆    
8 0303578   203035786   第一借阅区/ [索取号:C934/110] 在馆    
9 0303579   203035795   第一样本阅览室/ [索取号:C934/110] 在馆    
唐山师范学院图书馆 欢迎您!
大连网信软件有限公司© 版权所有